00765nam a2200205 a 4500008004100000020001500041050002000056100002000076245004600096260003400142300002200176350000900198650002400207650002000231650004400251650001500295995009600310999001700406952013600423120416s1991 ||||||||||||||||| || u a0070050716 aHF 5415.157 Ber aBerry, Thomas H10aManaging the total quality transformation aNew York :bMcGraw-Hillc1991 axxi, 223p. : ill. a0.00 aQuality of products aQuality circles aTOTAL QUALITY MANAGEMENT--UNITED STATES 0aMANAGEMENT D0.00FCBU-MAIN LIBRARY (Kitwe)H1I24.95M1UAVAILABLEZMain Library Open Access Collection c50239d50239 00102lcc4070a001b001cMain Library Open Access Collectiond2022-11-30l0oHF 5415.157 Berp005651r2022-11-30w2022-11-30y002